<?xml version="1.0" encoding="UTF-8"?><?xml-stylesheet type="text/xsl" href="static/style.xsl"?><OAI-PMH xmlns="http://www.openarchives.org/OAI/2.0/" xmlns:xsi="http://www.w3.org/2001/XMLSchema-instance" xsi:schemaLocation="http://www.openarchives.org/OAI/2.0/ http://www.openarchives.org/OAI/2.0/OAI-PMH.xsd"><responseDate>2026-04-27T19:58:35Z</responseDate><request verb="GetRecord" identifier="oai:uvadoc.uva.es:10324/61822" metadataPrefix="marc">https://uvadoc.uva.es/oai/request</request><GetRecord><record><header><identifier>oai:uvadoc.uva.es:10324/61822</identifier><datestamp>2023-10-26T09:20:43Z</datestamp><setSpec>com_10324_38</setSpec><setSpec>col_10324_787</setSpec></header><metadata><record xmlns="http://www.loc.gov/MARC21/slim" xmlns:doc="http://www.lyncode.com/xoai" xmlns:xsi="http://www.w3.org/2001/XMLSchema-instance" xmlns:dcterms="http://purl.org/dc/terms/" xsi:schemaLocation="http://www.loc.gov/MARC21/slim http://www.loc.gov/standards/marcxml/schema/MARC21slim.xsd">
<leader>00925njm 22002777a 4500</leader>
<datafield tag="042" ind1=" " ind2=" ">
<subfield code="a">dc</subfield>
</datafield>
<datafield tag="720" ind1=" " ind2=" ">
<subfield code="a">Domingo Gomez, Júlia</subfield>
<subfield code="e">author</subfield>
</datafield>
<datafield tag="260" ind1=" " ind2=" ">
<subfield code="c">2022</subfield>
</datafield>
<datafield tag="520" ind1=" " ind2=" ">
<subfield code="a">La cirugía de estrabismo es una de las cirugías oftalmológicas más&#xd;
comunes en niños, con una tasa de éxito elevada. Existen una serie de&#xd;
complicaciones que pueden desencadenarse en el intra y postoperatorio. La técnica&#xd;
anestésica juega un papel importante en la incidencia de dichas complicaciones. Realizamos una revisión sistemática basada en la evidencia científica que existe&#xd;
actualmente sobre la técnica anestésica combinada (bloqueo ocular y anestesia&#xd;
general) en la cirugía de estrabismo pediátrica, en artículos publicados desde el&#xd;
2012 hasta la actualidad.&#xd;
Búsqueda sistemática en bases de datos como: Pubmed, Scielo, Cochrane&#xd;
y Google Scholar. Creando una estrategia de búsqueda con términos Mesh y Decs,&#xd;
y operadores booleanos. Aplicando unos criterios de inclusión y exclusión para&#xd;
acotar los resultados.&#xd;
Se ha realizado una búsqueda bibliográfica con la obtención de 10&#xd;
ensayos aleatorios caso-control, que evalúan el uso de una técnica anestésica&#xd;
combinada. Realizando una lectura crítica, evaluación, discusión y finalmente, una&#xd;
conclusión.&#xd;
El uso de bloqueos oculares mejora el intra y el postoperatorio de los&#xd;
niños sometidos a cirugía de estrabismo. Proporciona una mejora en el manejo del&#xd;
dolor postoperatorio, y una disminución de la incidencia del reflejo oculocardíaco,&#xd;
proporcionando así una mejoría estabilidad hemodinámica. Además, de disminuir la&#xd;
agitación de emergencia y las náuseas y vómitos postoperatorios.</subfield>
</datafield>
<datafield tag="024" ind2=" " ind1="8">
<subfield code="a">https://uvadoc.uva.es/handle/10324/61822</subfield>
</datafield>
<datafield ind1=" " ind2=" " tag="653">
<subfield code="a">Ojo - Cirugía</subfield>
</datafield>
<datafield tag="245" ind1="0" ind2="0">
<subfield code="a">Anestesia combinada en cirugía de estrabismo pediátrico. Revisión sistemática</subfield>
</datafield>
</record></metadata></record></GetRecord></OAI-PMH>